000 01314nac a22003491u 4500
999 _c2852
_d2852
003 EG-ScBUE
005 20210318104536.0
008 200219t2005 nyua f 000 d eng d
020 _a0553212990 (pbk.) :
020 _a9780553212990
040 _aEG-ScBUE
_beng
_erda
_cEG-ScBUE
_dEG-ScBUE
082 0 4 _a822.33
_bSHE
_222
100 1 _aShakespeare, William,‏
_d1564-1616,
_eauthor.
245 1 4 _aThe merchant of Venice /
_cWilliam Shakespeare ; edited by David Bevington and David Scott Kastan.
264 1 _aNew York :
_bBantam Book,
_c[2005]
264 1 _cc2005
300 _axxxvii, 224 pages :
_billustrations ;
_c18 cm.
336 _2rdacontent
_atext
_btxt
337 _2rdamedia
_aunmediated
_bn
338 _2rdacarrier
_avolume
_bnc
490 0 _aA Bantam classic
650 7 _aJews
_zItaly
_vDrama.
_2BUEsh
650 7 _aMoneylenders
_vDrama.
_2BUEsh
651 7 _aVenice (Italy)
_2BUEsh
653 _bHHUUEENN
_cMarch2021
655 7 _aComedies.
_vReading book
_924745
700 1 _aBevington, David M.,
_eeditor.
700 1 _aKastan, David Scott,
_eeditor.
856 4 2 _3Contributor biographical information
_uhttp://www.loc.gov/catdir/bios/random051/87024088.html
856 4 2 _3Publisher description
_uhttp://www.loc.gov/catdir/description/random049/87024088.html
942 _cBB
_k822.33S5272
_2ddc